Les 100 meilleurs joueurs de foot du 20ème siècle - Statistiques

Statistiques générales
  • Ce quiz a été pris 376 fois
  • Le résultat moyen est 28 sur 100
Statistiques - réponses
# Joueur Nation % Correct
1 Pelé Brésil
94%
2 Diego Maradona Argentine
93%
3 Johan Cruyff Pays-Bas
83%
28 Zinedine Zidane France
82%
5 Michel Platini France
81%
13 Ronaldo Brésil
80%
10 Eusébio Ferreira da Silva Portugal
74%
7 Ferenc Puskás Hongrie
73%
4 Franz Beckenbauer Allemagne de l'Ouest
72%
15 Gerd Muller Allemagne de l'Ouest
72%
8 George Best Irlande du Nord
70%
9 Marco van Basten Pays-Bas
67%
12 Bobby Charlton Angleterre
58%
21 Paolo Maldini Italie
57%
6 Alfredo Di Stéfano Argentine
54%
11 Lev Yashin U.R.S.S
54%
92 Raymond Kopa France
54%
45 Just Fontaine France
52%
74 Luigi Riva Italie
51%
43 George Weah Libéria
50%
20 Garrincha Brésil
48%
16 Roberto Baggio Italie
48%
51 Rivaldo Brésil
45%
18 Zico Brésil
43%
64 Roberto Carlos Brésil
42%
14 Bobby Moore Angleterre
40%
24 Eric Cantona France
40%
48 Hristo Stoichkov Bulgaria
39%
25 Gheorghe Hagi Roumanie
38%
85 Ryan Giggs Pays de Galles
38%
63 Socrates Brésil
38%
26 Romario Brésil
37%
19 Franco Baresi Italie
35%
22 Kenny Dalglish Écosse
34%
49 David Beckham Angleterre
33%
59 Michael Laudrup Danemark
33%
67 Davor Suker Croatia
32%
54 Frank Rijkaard Pays-Bas
31%
42 Paolo Rossi Italie
31%
44 Michael Owen Angleterre
29%
41 Peter Schmeichel Danemark
29%
65 Alan Shearer Angleterre
27%
47 Dino Zoff Italie
27%
35 Karl-Heinz Rummenigge Allemagne de l'Ouest
27%
23 Gabriel Batistuta Argentine
26%
77 Alessandro Del Piero Italie
25%
34 Dennis Bergkamp Pays-Bas
25%
36 Gary Lineker Angleterre
24%
58 Roger Milla Cameroon
24%
27 Jairzinho Brésil
22%
72 Mario Kempes Argentine
22%
94 Matthias Sammer Allemagne
22%
17 Stanley Matthews Angleterre
22%
60 Andril Shevchenko Ukraine
21%
100 Bebeto Brésil
21%
56 Kevin Keegan Angleterre
21%
31 Lothar Mathaus Allemagne de l'Ouest
19%
78 Carlos Valderrama Colombia
16%
37 Giuseppe Meazza Italie
16%
29 Ruud Gullitt Pays-Bas
15%
81 Edgar Davids Pays-Bas
14%
32 Gordon Banks Angleterre
13%
55 Jose Luis Chilavert Paraguay
12%
66 Daniel Passarella Argentine
10%
61 David Ginola France
10%
73 Johan Neeskens Pays-Bas
10%
39 Didi Brésil
9%
33 Jurgen Klinsmann Allemagne
9%
80 Enzo Francescoli Uruguay
8%
82 Francisco Gento Espagne
8%
38 Rivelino Brésil
8%
57 Paul Gascoigne Angleterre
7%
87 Zbigniew Boniek Pologne
7%
71 Christian Vieri Italie
6%
98 Paulo Futre Portugal
6%
69 Sandor Kocsis Hongrie
6%
86 Sepp Maier Allemagne de l'Ouest
6%
93 Bryan Robson Angleterre
5%
84 Falcao Brésil
5%
90 Giacinto Facchetti Italie
4%
68 Dixie Dean Angleterre
3%
40 Ian Rush Pays de Galles
3%
79 Ricardo Zamora Espagne
3%
62 Glenn Hoddle Angleterre
2%
76 Gunter Netzer Allemagne de l'Ouest
2%
30 John Charles Pays de Galles
2%
70 Juan Alberto Schiaffino Uruguay
2%
95 Ladislav Kubala Hongrie
2%
52 Claudio Caniggia Argentine
1%
46 Duncan Edwards Angleterre
1%
97 Gerson Brésil
1%
89 Gyorgy Sarosi Hongrie
1%
86 Neville Southall Pays de Galles
1%
88 Pat Jennings Irlande du Nord
1%
99 Preben Elkjaer Danemark
1%
91 Alan Hansen Écosse
0%
83 Jim Baxter Écosse
0%
75 Jose Nasazzi Uruguay
0%
50 Tom Finney Angleterre
0%
53 Totao Brésil
0%
Aucun quiz correspondant
Distribution des résultats
% des personnes avec chaque résultat
Percentile par nombre de réponses
Votre historique - résultats
Vous n’avez pas pris ce quiz